| 000 | 00763nam a2200229 i 4500 | ||
|---|---|---|---|
| 001 | 130719 | ||
| 003 | ES-MaACL | ||
| 005 | 20250822035248.0 | ||
| 007 | t| | ||
| 008 | 070806s1977 sp ||||1| spa d | ||
| 100 | 1 |
_aZavalloni, Roberto. _9118111 |
|
| 245 | 1 | 3 |
_aLa personalidad en perspectiva social / _c[por] Roberto Zavalloni, Ferdinando Montuschi ; [versión de Joan Llopis]. |
| 260 |
_aBarcelona : _bHerder, _c1977. |
||
| 300 |
_a380 p. ; _c22 cm. |
||
| 490 | 1 |
_aBiblioteca de psicología ; _v32 |
|
| 650 | 1 | 7 |
_aPsicología social _2embne _916573 |
| 700 | 1 |
_aMontuschi, Ferdinando. _982761 |
|
| 700 | 1 |
_aLlopis, Joan. _972828 |
|
| 830 | 0 |
_aBiblioteca de psicología ; _v32 _9180745 |
|
| 852 |
_aES-MaACL _jA-6509 _bR.95508 |
||
| 999 |
_c130719 _d130719 |
||